000 00345 a2200145 4500
001 169925
020 _a
040 _cMagnum
100 _aFonseca, Francisco F. A.
240 1 0 _aMundo em crise: economia, ecologia, energia
_lpor
245 1 0 _aMundo em crise: economia, ecologia, energia
362 0 _a1899
697 _aGERAL
942 _cBK
999 _c169925
_d169925